| Tag |
First Indicator |
Second Indicator |
Subfields |
| LEADER |
00000cam a2200000 a 4500 |
| 001 |
in00000011674 |
| 005 |
20151007051655.0 |
| 008 |
870826s1988 nyu b 00100 eng d |
| 010 |
|
|
|a 87007204
|
| 020 |
|
|
|a 030642648X
|
| 035 |
|
|
|a (OCoLC)16681968
|
| 035 |
|
|
|9 AAA4218AM
|
| 040 |
|
|
|a DNLM/DLC
|c DLC
|d TXA
|d UtOrBLW
|
| 043 |
|
|
|a n-us---
|
| 049 |
|
|
|a TXAM
|c [A11041498]
|
| 050 |
0 |
0 |
|a HQ809.3.U5
|b H35 1988
|
| 060 |
|
0 |
|a HQ 809 H236
|
| 082 |
0 |
|
|a 362.8/2
|2 19
|
| 245 |
0 |
0 |
|a Handbook of family violence /
|c edited by Vincent B. Van Hasselt [and others].
|
| 264 |
|
1 |
|a New York :
|b Plenum Press,
|c [1988]
|
| 264 |
|
4 |
|c ©1988
|
| 300 |
|
|
|a xviii, 500 pages ;
|c 26 cm.
|
| 336 |
|
|
|a text
|b txt
|2 rdacontent
|
| 337 |
|
|
|a unmediated
|b n
|2 rdamedia
|
| 338 |
|
|
|a volume
|b nc
|2 rdacarrier
|
| 504 |
|
|
|a Includes bibliographies and indexes.
|
| 650 |
|
0 |
|a Family violence
|z United States.
|
| 700 |
1 |
|
|a Van Hasselt, Vincent B.
|
| 999 |
|
|
|a MARS
|
| 999 |
f |
f |
|s 84aec36e-2fd6-3f43-9ca1-4f915f94fd68
|i 02dd0fa5-c428-3b17-8043-a6fd093c7d1e
|t 0
|
| 952 |
f |
f |
|p ric
|a Texas A&M University
|b Rellis Campus
|c Joint Library Facility
|d Remote Storage
|t 0
|e HQ809.3.U5 H35 1988
|h Library of Congress classification
|i unmediated -- volume
|m A14818245653
|
| 998 |
f |
f |
|a HQ809.3.U5 H35 1988
|t 0
|l Remote Storage
|